| 000 | 01191nam a2200277 i 4500 | ||
|---|---|---|---|
| 001 | 8137 | ||
| 003 | KOSZ 005 | ||
| 005 | 20190828151832.0 | ||
| 008 | 080201s1964 pl a f 000 0 pol | ||
| 015 | _aPB 1964/1687 | ||
| 040 |
_aWA N _cKOSZ 005/RW _dKOSZ 005/RW |
||
| 080 | _a656(075)+625(075) | ||
| 100 | 1 |
_aCywiński, Bohdan _d(1885-1971). _eAutor. |
|
| 245 | 1 | 0 |
_aEncyklopedia kolejnictwa / _cBohdan Cywiński. |
| 260 |
_aWarszawa : _bWydawnictwa Komunikacji i Łączności, _c1964. |
||
| 300 |
_a471, [1] s., [3] k. tabl. : _bil., err. ; _c25 cm. |
||
| 380 | _aKsiążki. | ||
| 380 | _aPublikacje dydaktyczne. | ||
| 504 | _aBibliogr. s. [472]. | ||
| 521 | 8 | _aKsiążka pomocnicza dla technikum kolejowego wydział eksploatacji handlowej, urządzeń zabezpieczenia ruchu, teletechniki, trakcji elektrycznych oraz eksploatacji i naprawy taboru, również dla kandydatów na stanowiska administracji na PKP. | |
| 655 | 4 | _aMateriały pomocnicze | |
| 650 | 4 | _aKolejnictwo | |
| 710 | 2 |
_aWydawnictwa Komunikacji i Łączności. _4pbl. |
|
| 856 |
_uhttp://koha.tu.koszalin.pl/cgi-bin/koha/opac-detail.pl?biblionumber=8137 _yKatalog online BPK |
||
| 942 |
_2UKD _cKS |
||
| 999 |
_c8137 _d8137 |
||